LEADER 01033nam0-22002891i-450 001 990005342410403321 005 20240521124045.0 035 $a000534241 035 $aFED01000534241 035 $a(Aleph)000534241FED01 035 $a000534241 100 $a19990530d1947----km-y0itay50------ba 101 0 $aita 105 $ay-------001yy 200 1 $aCarbonia (Cagliari)$eScoperta di tombe romane in localita Campo Frassoi, Cabud'Aquas, Sa Cresiedda ed altre tracce archeologiche del Sulcis$fGiovanni Lilliu 210 $as.l.$cs.e.$d1947 215 $aP. 313-330$d35 cm 300 $aAtti dell'Accademia Nazionale dei Lincei. Notizie degli scavi di antichita. Estratto dal Volume VIII Serie VIII, fascicoli 1-12 (1947) 700 1$aLilliu,$bGiovanni$f<1914- >$0158387 712 0 $aAccademia nazionale dei Lincei 801 0$aIT$bUNINA$gRICA$2UNIMARC 901 $aBK 912 $a990005342410403321 952 $aARCH. X MISC. 25 (10)$bS.I.$fFLFBC 959 $aFLFBC 996 $aCarbonia (Cagliari$9600111 997 $aUNINA